Emerging trends in global rubber industry (Record no. 51202)

MARC details
000 -LEADER
fixed length control field 00358nam a2200133Ia 4500
100 ## - MAIN ENTRY--AUTHOR NAME
Personal name Mathew K.J.
245 #0 - TITLE STATEMENT
Title Emerging trends in global rubber industry
260 ## - PUBLICATION, DISTRIBUTION, ETC. (IMPRINT)
Name of publisher Indian Rubber Journal
Year of publication 1998
300 ## - PHYSICAL DESCRIPTION
Number of Pages 136-139
650 ## - SUBJECT ADDED ENTRY--TOPICAL TERM
Topical Term Indian rubber industry
650 ## - SUBJECT ADDED ENTRY--TOPICAL TERM
Topical Term World rubber industry
942 ## - ADDED ENTRY ELEMENTS (KOHA)
Koha item type Bibliography STAF
Holdings
Withdrawn status Lost status Damaged status Not for loan Home library Current library Shelving location Date acquired Serial Enumeration / chronology Koha item type
      Bibliography RRII Library RRII Library Rubber general 09/04/2014 Volume 31, Issue Jan-Fe Bibliography STAF